Figuras cumbre del arte contemporaneo español. (Record no. 155545)

MARC details
000 -LEADER
campo de control de longitud fija 01420nam a2200265 i 4500
001 - NÚMERO DE CONTROL
campo de control 155545
003 - IDENTIFICADOR DE NÚMERO DE CONTROL
campo de control ES-MaACL
005 - FECHA Y HORA DE LA ÚLTIMA TRANSACCIÓN
campo de control 20251007172845.0
008 - DATOS DE LONGITUD FIJA--INFORMACIÓN GENERAL
campo de control de longitud fija 170614s1945 sp |||| | spa d
245 00 - MENCIÓN DEL TÍTULO
Título Figuras cumbre del arte contemporaneo español.
Número de parte o sección de la obra I.
260 ## - PUBLICACIÓN, DISTRIBUCIÓN, ETC.
Lugar de publicación, distribución, etc. Barcelona :
Nombre del editor, distribuidor, etc. Archivo de Arte,
Fecha de publicación, distribución, etc. [1945]
300 ## - DESCRIPCIÓN FÍSICA
Extensión 1 v. :
Otras características físicas pricipalmente il. col. ;
Dimensiones 34 cm.
505 0# - NOTA DE CONTENIDO CON FORMATO
Nota de contenido con formato José Clara / Juan Teixidor (10 h. de lám., 1 retr., 2 h. de texto). A. Vila Arrufat / Fernando Gutiérrez (10 h. de lám., 1 retr., 2 h. de texto). Gabriel Amat / Fernando Gutiérrez (10 h. de lám., 1 retr., 2 h. de texto). José Obiols / Juan Teixidor (10 h. de lám.,1 retr., 2 h. de texto). Pedro Inglada / Juan Teixidor (10 h. de lám., 1 retr., 2 h. de texto)
594 ## - Nota al título y mención de responsabilidad
Nota al título y mención de responsabilidad Cada artista con retrato y reproducción de obras en láminas en blanco y negro y color, montadas sobre papel, más 2 h. con texto de presentación.
600 14 - PUNTO DE ACCESO ADICIONAL DE MATERIA--NOMBRE DE PERSONA
Nombre de persona Clará, José (
Fechas asociadas al nombre 1878-1958)
9 (RLIN) 38989
600 14 - PUNTO DE ACCESO ADICIONAL DE MATERIA--NOMBRE DE PERSONA
Nombre de persona Vila Arrufat, Antoni (
Fechas asociadas al nombre 1894-1988)
9 (RLIN) 163073
600 17 - PUNTO DE ACCESO ADICIONAL DE MATERIA--NOMBRE DE PERSONA
Nombre de persona Amat, Gabriel,
Fechas asociadas al nombre 1899-1984
Fuente del encabezamiento o término
9 (RLIN) 163074
600 14 - PUNTO DE ACCESO ADICIONAL DE MATERIA--NOMBRE DE PERSONA
Nombre de persona Obiols Palau, José (
Fechas asociadas al nombre 1894-1967)
9 (RLIN) 163075
600 14 - PUNTO DE ACCESO ADICIONAL DE MATERIA--NOMBRE DE PERSONA
Nombre de persona Ynglada, Pere.
9 (RLIN) 65292
650 00 - PUNTO DE ACCESO ADICIONAL DE MATERIA--TÉRMINO DE MATERIA
Término de materia o nombre geográfico como elemento de entrada Arte español-
Subdivisión cronológica S.XX.
9 (RLIN) 10202
700 1# - ENTRADA AGREGADA--NOMBRE PERSONAL
Nombre de persona Teixidor, Joan (
Fechas asociadas al nombre 1913-1992)
9 (RLIN) 109541
700 1# - ENTRADA AGREGADA--NOMBRE PERSONAL
Nombre de persona Gutiérrez, Fernando,
Fechas asociadas al nombre 1911-1984
9 (RLIN) 156260
852 ## - LOCALIZACIÓN
Ubicación ES-MaACL
Número de control de estantería B-2913
Nota libre - Enc. tela
Holdings
Estatus retirado Estado de pérdida Estado de daño No para préstamo Biblioteca de origen Biblioteca actual Ubicación en estantería Fecha de adquisición Fuente de adquisición Total de préstamos Signatura topográfica completa Código de barras Visto por última vez Precio de reemplazo Tipo de ítem Koha
        Biblioteca del Ateneo de Madrid Biblioteca del Ateneo de Madrid Sala Pardo Bazán 14/06/2017     B-2913 1197727 23/02/2023 23/02/2023 Libro impreso